A carregar...

Sundariyum Sundaranmarum

Detalhes bibliográficos
Autor principal: Urub
Formato: Printed Book
Idioma:Malayalam
Publicado em: 1958.
LEADER 00369nam a2200121Ia 4500
008 150624b xxu||||| |||| 00| | mal d
100 |a Urub 
245 |c Urub  |a Sundariyum Sundaranmarum 
260 |c 1958. 
546 |a In Malayalam. 
942 |c BK 
999 |c 103210  |d 103210 
952 |0 0  |1 0  |4 0  |7 0  |9 104602  |a UL  |b UL  |c ST2  |d 2014-06-03  |l 0  |p 46600  |r 2014-06-03  |w 2014-06-03  |y BK  |z Secondary Collection